Catálogo
 En Linea

Macunaíma : (Registro nro. 41228)

Detalles MARC
000 -CABECERA
campo de control de longitud fija 00948nam a2200265 a 4500
001 - NÚMERO DE CONTROL
campo de control 000041739
005 - FECHA Y HORA DE LA ÚLTIMA TRANSACCIÓN
campo de control 20240529124643.0
008 - DATOS DE LONGITUD FIJA--INFORMACIÓN GENERAL
campo de control de longitud fija 131016s1988 bl ac 000 0 spa d
020 ## - NÚMERO INTERNACIONAL ESTÁNDAR DEL LIBRO
Número Internacional Estándar del Libro 8570280076
040 ## - FUENTE DE LA CATALOGACIÓN
Centro catalogador/agencia de origen DO-SdBNP
Lengua de catalogación pol
Centro/agencia transcriptor BNPHU
082 ## - NÚMERO DE LA CLASIFICACIÓN DECIMAL DEWEY
Número de clasificación B869.3
Número de documento/Ítem A553m
100 1# - ENTRADA PRINCIPAL--NOMBRE DE PERSONA
Nombre de persona Andrade, Mário de
9 (RLIN) 68581
245 10 - MENCIÓN DE TÍTULO
Título Macunaíma :
Resto del título o herói sem nenhum caráter /
Mención de responsabilidad, etc. Mário de Andrade.
250 ## - MENCIÓN DE EDICIÓN
Mención de edición Ed. crítica Telê Porto Ancona Lopez
260 ## - PUBLICACIÓN, DISTRIBUCIÓN, ETC.
Lugar de publicación, distribución, etc. Florianópolis :
Nombre del editor, distribuidor, etc. UFSC,
Fecha de publicación, distribución, etc. 1988.
300 ## - DESCRIPCIÓN FÍSICA
Extensión lii, 480 p. :
Otras características físicas il., retrs. ;
Dimensiones 23 cm.
490 1# - MENCIÓN DE SERIE
Mención de serie Arquivos
Designación de volumen o secuencia 6
500 ## - NOTA GENERAL
Nota general incluye referencias bibliográficas y notas al pie de las páginas
600 14 - PUNTO DE ACCESO ADICIONAL DE MATERIA--NOMBRE DE PERSONA
Nombre de persona ANDRADE, MARIO,
Fechas asociadas al nombre 1893-1945
Subdivisión general CRÍTICA E INTERPRETACIÓN
Título de la obra MACUNAÍMA
9 (RLIN) 68582
650 #0 - PUNTO DE ACCESO ADICIONAL DE MATERIA--TÉRMINO DE MATERIA
Término de materia o nombre geográfico como elemento de entrada Novela brasileña
9 (RLIN) 13650
650 #4 - PUNTO DE ACCESO ADICIONAL DE MATERIA--TÉRMINO DE MATERIA
Término de materia o nombre geográfico como elemento de entrada Literatura brasileña
9 (RLIN) 823
700 12 - PUNTO DE ACCESO ADICIONAL--NOMBRE DE PERSONA
Nombre de persona Ancona Lopez, Telê Porto
9 (RLIN) 68583
830 #0 - PUNTO DE ACCESO ADICIONAL DE SERIE-TÍTULO UNIFORME
Título uniforme Arquivos
Designación de volumen o secuencia 6
9 (RLIN) 68584
910 ## - DATOS DE OPCIÓN DEL USUARIO (OCLC)
Datos de opción del usuario Validado. Control de calidad MFF
Existencias
Estado de retiro Estado de pérdida Restricciones de uso No para préstamo Código de colección Localización permanente Ubicación/localización actual Ubicación en estantería Fecha de adquisición Número de inventario Total de préstamos Signatura topográfica completa Código de barras Fecha visto por última vez Precio válido a partir de Tipo de ítem Koha
      Excluido de préstamo Monografías: Libros y Folletos General General Depósito 16.10.2013 LF1   B869.3 A553m 41739-10 25.06.2020 25.06.2020 No se presta

Con tecnología Koha